<?xml version="1.0" encoding="UTF-8"?>
<record
    xmlns:xsi="http://www.w3.org/2001/XMLSchema-instance"
    xsi:schemaLocation="http://www.loc.gov/MARC21/slim http://www.loc.gov/standards/marcxml/schema/MARC21slim.xsd"
    xmlns="http://www.loc.gov/MARC21/slim">

  <leader>02564    a2200397   4500</leader>
  <controlfield tag="001">14</controlfield>
  <controlfield tag="003">gtuscu</controlfield>
  <controlfield tag="005">20260319160016.0</controlfield>
  <controlfield tag="008">241004b2020    gt abd|gr|||| 001 edspa d</controlfield>
  <datafield tag="020" ind1=" " ind2=" ">
    <subfield code="a">9789929592360</subfield>
    <subfield code="c">Disponible</subfield>
  </datafield>
  <datafield tag="040" ind1=" " ind2=" ">
    <subfield code="a">gtuscu</subfield>
    <subfield code="b">spa</subfield>
    <subfield code="c">gtuscu</subfield>
    <subfield code="e">rda</subfield>
  </datafield>
  <datafield tag="041" ind1=" " ind2=" ">
    <subfield code="h">spa</subfield>
  </datafield>
  <datafield tag="082" ind1="0" ind2="4">
    <subfield code="a"> CEUR 388.47281</subfield>
    <subfield code="b">V176</subfield>
  </datafield>
  <datafield tag="100" ind1="1" ind2=" ">
    <subfield code="a">Valladares Vielman, Luis Rafael</subfield>
    <subfield code="d">1970- ;</subfield>
    <subfield code="e">autor</subfield>
    <subfield code="9">1</subfield>
  </datafield>
  <datafield tag="245" ind1="1" ind2=" ">
    <subfield code="a"> Buses, trenes o cabinas :</subfield>
    <subfield code="b">movilidad y transporte en la Ciudad de Guatemala /</subfield>
    <subfield code="c">Luis Rafael Valladares Vielm&#xE1;n.</subfield>
  </datafield>
  <datafield tag="250" ind1=" " ind2=" ">
    <subfield code="a">Primera edici&#xF3;n.</subfield>
  </datafield>
  <datafield tag="264" ind1="1" ind2=" ">
    <subfield code="a">Guatemala :</subfield>
    <subfield code="b">Universidad de San Carlos de Guatemala, Centro de Estudios Urbanos y Regionales.</subfield>
    <subfield code="c">2020.</subfield>
  </datafield>
  <datafield tag="264" ind1="1" ind2=" ">
    <subfield code="c">&#xA9;2020</subfield>
  </datafield>
  <datafield tag="300" ind1=" " ind2=" ">
    <subfield code="a">204 p&#xE1;ginas :</subfield>
    <subfield code="b">ilustraciones, blanco y negro</subfield>
  </datafield>
  <datafield tag="300" ind1=" " ind2=" ">
    <subfield code="b">Fotograf&#xED;as a color</subfield>
  </datafield>
  <datafield tag="300" ind1=" " ind2=" ">
    <subfield code="b">Tablas,  blanco y negro</subfield>
  </datafield>
  <datafield tag="336" ind1=" " ind2=" ">
    <subfield code="2">rdacontenido</subfield>
    <subfield code="a">texto</subfield>
    <subfield code="b">txt</subfield>
  </datafield>
  <datafield tag="337" ind1=" " ind2=" ">
    <subfield code="2">rdamedio</subfield>
    <subfield code="a">sin mediaci&#xF3;n</subfield>
    <subfield code="b">n</subfield>
  </datafield>
  <datafield tag="338" ind1=" " ind2=" ">
    <subfield code="2">rdasoporte</subfield>
    <subfield code="a">volumen</subfield>
    <subfield code="b">nc</subfield>
  </datafield>
  <datafield tag="490" ind1=" " ind2=" ">
    <subfield code="a">Ordenamiento Territorial y Gesti&#xF3;n del Riesgo</subfield>
    <subfield code="v">Volumen VII.</subfield>
  </datafield>
  <datafield tag="504" ind1=" " ind2=" ">
    <subfield code="a">Referencias bibliogr&#xE1;ficas p&#xE1;ginas 197-203.</subfield>
  </datafield>
  <datafield tag="505" ind1="0" ind2=" ">
    <subfield code="g">Parte I:</subfield>
    <subfield code="t">Nociones de la problem&#xE1;tica --</subfield>
  </datafield>
  <datafield tag="505" ind1="0" ind2=" ">
    <subfield code="g">Parte II:</subfield>
    <subfield code="t">Posibles soluciones --</subfield>
  </datafield>
  <datafield tag="505" ind1="0" ind2=" ">
    <subfield code="g">Parte III:</subfield>
    <subfield code="t">El metro riel liviano. Soluci&#xF3;n para la movilidad de las personas que se trasladan desde el &#xE1;rea Nororiente del AMCG.</subfield>
  </datafield>
  <datafield tag="520" ind1="3" ind2=" ">
    <subfield code="a">Los trenes, los buses o las cabinas son opciones de transporte para la solucin&#x324; del traslado de las personas, cada cual presenta ventajas y desventajas, debiendo sopesarse las unas sobre las otras de acuerdo a los intereses, condiciones y bienestar de la poblacin&#x324;. El uso de una no implica que no puedan usarse las otras. Usar los telef&#xE9;ricos para cruzar los barrancos en algunos puntos es una opci&#xF3;n para aminorar el tiempo de traslados. Tambi&#xE9;n es apropiado un tren ligero con el que se aprovecha una ruta ya reservada y que vincula lugares densamente poblados. Sin embargo ninguno por si solo soluciona el problema de la movilidad que aqueja a los guatemaltecos, ayudan, eso s&#xED;, a mitigar la problem&#xE1;tica. La cobertura del BRT existente, a pesar de que la mayora&#xED;a de l&#xED;neas no tiene carril exclusivo, abarca un mayor territorio que los otros. Los trenes, los buses y las cabinas podr&#xE1;n, con una planificaci&#xF3;n adecuada, convertirse en un sistema, en donde unos complementen a otros.</subfield>
  </datafield>
  <datafield tag="650" ind1="1" ind2="4">
    <subfield code="a">Transporte </subfield>
    <subfield code="v">urbano</subfield>
    <subfield code="z">Guatemala</subfield>
  </datafield>
  <datafield tag="650" ind1="1" ind2="4">
    <subfield code="a">Tr&#xE1;fico</subfield>
    <subfield code="v">urbano</subfield>
  </datafield>
  <datafield tag="650" ind1="1" ind2="4">
    <subfield code="a">Proyecto Metro riel e Interconexi&#xF3;n vial</subfield>
  </datafield>
  <datafield tag="650" ind1="1" ind2="4">
    <subfield code="a">Desarrollo</subfield>
    <subfield code="v">urbano</subfield>
    <subfield code="z">Guatemala</subfield>
  </datafield>
  <datafield tag="942" ind1=" " ind2=" ">
    <subfield code="2">ddc</subfield>
    <subfield code="c">BK</subfield>
    <subfield code="n">0</subfield>
  </datafield>
  <datafield tag="999" ind1=" " ind2=" ">
    <subfield code="c">14</subfield>
    <subfield code="d">14</subfield>
  </datafield>
  <datafield tag="952" ind1=" " ind2=" ">
    <subfield code="0">0</subfield>
    <subfield code="1">0</subfield>
    <subfield code="2">ddc</subfield>
    <subfield code="4">0</subfield>
    <subfield code="7">0</subfield>
    <subfield code="8">gn</subfield>
    <subfield code="a">BICEUR</subfield>
    <subfield code="b">BICEUR</subfield>
    <subfield code="d">2022-05-04</subfield>
    <subfield code="e">Donaci&#xF3;n CEUR</subfield>
    <subfield code="i">16H-BF4</subfield>
    <subfield code="l">0</subfield>
    <subfield code="o">CEUR 388.47281 V176 </subfield>
    <subfield code="p">BFQS00007</subfield>
    <subfield code="r">2024-10-04 15:16:12</subfield>
    <subfield code="y">BK</subfield>
    <subfield code="z">Disponible</subfield>
  </datafield>
  <datafield tag="952" ind1=" " ind2=" ">
    <subfield code="0">0</subfield>
    <subfield code="1">0</subfield>
    <subfield code="2">ddc</subfield>
    <subfield code="4">0</subfield>
    <subfield code="7">0</subfield>
    <subfield code="8">gn</subfield>
    <subfield code="a">BICEUR</subfield>
    <subfield code="b">BICEUR</subfield>
    <subfield code="d">2022-05-04</subfield>
    <subfield code="e">Donaci&#xF3;n CEUR</subfield>
    <subfield code="i">16H-BF5</subfield>
    <subfield code="l">0</subfield>
    <subfield code="o">CEUR 388.47281 V176 C.2</subfield>
    <subfield code="p">BFQS00008</subfield>
    <subfield code="r">2024-11-13 11:47:16</subfield>
    <subfield code="w">2024-11-13</subfield>
    <subfield code="y">BK</subfield>
    <subfield code="z">Disponible</subfield>
  </datafield>
  <datafield tag="952" ind1=" " ind2=" ">
    <subfield code="0">0</subfield>
    <subfield code="1">0</subfield>
    <subfield code="2">ddc</subfield>
    <subfield code="4">0</subfield>
    <subfield code="7">0</subfield>
    <subfield code="8">gn</subfield>
    <subfield code="a">BICEUR</subfield>
    <subfield code="b">BICEUR</subfield>
    <subfield code="d">2022-05-04</subfield>
    <subfield code="e">Donaci&#xF3;n CEUR</subfield>
    <subfield code="i">16H-BF6</subfield>
    <subfield code="l">0</subfield>
    <subfield code="o">CEUR 388.47281 V176 C.3</subfield>
    <subfield code="p">BFQS00009</subfield>
    <subfield code="r">2024-11-13 11:47:16</subfield>
    <subfield code="w">2024-11-13</subfield>
    <subfield code="y">BK</subfield>
    <subfield code="z">Disponible</subfield>
  </datafield>
</record>
